Statistics for Which Germanic nation is it?

Click here to take the quiz!

General Stats

  • This quiz has been taken 46 times
  • The average score is 7 of 7

Answer Stats

QuestionAnswer% Correct
Which one has Reykjavik as its capital?Iceland
100%
Drives on the left-side.UK
100%
Borders only 1 other countryEngland (UK) & Denmark
97%
Used to be split in 2Germany
97%
Aalborg is one of its citiesDenmark
94%
Which of these is an archipelago?Faroe Islands
91%
Stavenger is in...Norway
86%

Score Distribution

Percentile by Number Answered

Percent of People with Each Score

Your Score History

You have not taken this quiz